000 00997nam0a22002891 4500
001 rc\3558818
005 20250610072343.0
021 _aRU
_b[76-72440]
035 _a(NLR Aleph) 007796304
090 _a7668607
_c7668607
100 _a20130115d1976 |||y0rusy50 ca
101 0 _arus
102 _aRU
105 _aa z |||||
200 1 _aЛенинские места на Карельском перешейке
_fП.В. Колосков
205 _a2-е изд., испр. и доп.
210 _aЛенинград
_cЛениздат
_d1976
215 _a119 с.
_cил.
_d16
300 _aНа обл. авт. не указан
606 _aЛенинские места
_yЛенинградская область
_2psbo
700 1 _aКолосков
_bП.В.
_gПавел Владимирович
702 1 _aЛенин
_bВ.И.
_gВладимир Ильич
_4570
801 0 _aRU
_bNLR
_gpsbo
801 1 _aRU
_bELAR
_2rusmarc
852 _aNLR
_j77-2/623
942 _cBOOK
980 _aNB